Catalog

Record Details

Catalog Search



Available copies

  • 2 of 2 copies available at LARL/NWRL Consortium.
  • 1 of 1 copy available at Lake Agassiz Regional Library. (Show preferred library)

Current holds

0 current holds with 2 total copies.

Show Only Available Copies
Location Call Number / Copy Notes Barcode Shelving Location Status Due Date
Crookston Public Library J LAW (Text) 33500012158283 Main Available -
Roseau Public Library j LAW (Text) 35500005672561 Main Available -

Record details

  • ISBN: 9780803738621
  • ISBN: 0803738625
  • Physical Description: 356 pages ; 19 cm
  • Publisher: New York, New York : Dial Books for Young Readers, an imprint of Penguin Group (USA) LLC, [2015]

Content descriptions

General Note:
"Companion to the Newbery Honor winner Savvy."
Summary, etc.:
"Gypsy Beaumont's magical savvy switches to its ... Read More
Subject: Magic > Fiction.
Families > Fiction.
Grandmothers > Fiction.
Alzheimer's disease > Fiction.
JUVENILE FICTION / Fantasy & Magic.
JUVENILE FICTION / Family / Siblings.
JUVENILE FICTION / Family / Multigenerational.
Magic > Fiction.
Families > Fiction.
Grandmothers > Fiction.
Alzheimer's disease > Fiction.
LDR 02088cam a22004938i 4500
001188863
003LARL_NWRL_CONSORTIUM
00520150828092353.0
008150420t20152015nyu c 000 1 eng
010 . ‡a2015006965
020 . ‡a9780803738621 ‡q(hardback)
020 . ‡a0803738625 ‡q(hardback)
035 . ‡a(OCoLC)900623312
040 . ‡aDLC ‡beng ‡erda ‡cDLC ‡dYDXCP ‡dBDX ‡dBTCTA ‡dOCLCO ‡dSINLB ‡dJBL ‡dOCLCO ‡dTI2
042 . ‡alcac ‡apcc
05000. ‡aPZ7.L41836 ‡bSw 2015
08200. ‡a[Fic] ‡223
084 . ‡aJUV037000 ‡aJUV013070 ‡aJUV013030 ‡2bisacsh
1001 . ‡aLaw, Ingrid, ‡d1970- ‡0(LARL_NWRL_CONSORTIUM)198268
24510. ‡aSwitch ‡n#3 / ‡cIngrid Law.
264 1. ‡aNew York, New York : ‡bDial Books for Young Readers, an imprint of Penguin Group (USA) LLC, ‡c[2015]
264 4. ‡c© 2015
300 . ‡a356 pages ; ‡c19 cm
336 . ‡atext ‡2rdacontent
337 . ‡aunmediated ‡2rdamedia
338 . ‡avolume ‡2rdacarrier
4900 . ‡aSavvy ; ‡v3
500 . ‡a"Companion to the Newbery Honor winner Savvy."
520 . ‡a"Gypsy Beaumont's magical savvy switches to its opposite when she learns that her mean and decidedly non-magical grandma has Alzheimer's and is going to move in with her family"-- ‡cProvided by publisher.
650 1. ‡aMagic ‡vFiction. ‡0(LARL_NWRL_CONSORTIUM)165984
650 1. ‡aFamilies ‡vFiction. ‡0(LARL_NWRL_CONSORTIUM)164942
650 1. ‡aGrandmothers ‡vFiction. ‡0(LARL_NWRL_CONSORTIUM)165417
650 1. ‡aAlzheimer's disease ‡vFiction. ‡0(LARL_NWRL_CONSORTIUM)170523
650 7. ‡aJUVENILE FICTION / Fantasy & Magic. ‡2bisacsh
650 7. ‡aJUVENILE FICTION / Family / Siblings. ‡2bisacsh
650 7. ‡aJUVENILE FICTION / Family / Multigenerational. ‡2bisacsh
650 0. ‡aMagic ‡vFiction. ‡0(LARL_NWRL_CONSORTIUM)165984
650 0. ‡aFamilies ‡vFiction. ‡0(LARL_NWRL_CONSORTIUM)164942
650 0. ‡aGrandmothers ‡vFiction. ‡0(LARL_NWRL_CONSORTIUM)165417
650 0. ‡aAlzheimer's disease ‡vFiction. ‡0(LARL_NWRL_CONSORTIUM)170523
901 . ‡a188863 ‡bOCLC ‡c188863 ‡tbiblio

Additional Resources